| 000 | 00393nam a2200157Ia 4500 | ||
|---|---|---|---|
| 005 | 20250329111800.0 | ||
| 008 | 231217s9999 xx 000 0 und d | ||
| 020 | _a9788131420317 | ||
| 082 | _a332.1 MUR;1 R | ||
| 100 | _aMurthy, G R K. | ||
| 245 | 0 | _aBanking and the law : a users manual | |
| 260 |
_c2008 _bICFAI _aHyderabad |
||
| 300 | _axi, 433 | ||
| 650 | _alaw,users | ||
| 942 | _cAA | ||
| 999 |
_c188895 _d188895 |
||